00795 2200289 4500001002100000005001500021035002000036007000300056008004100059020002200100040002200122082001400144084001600158090002200174100002700196245003300223250003600256300003100292650002000323850001200343264003200355336002100387337003000408338002300438999002200461990002200483INLIS00000000086844620220304092314 a0010-0322000112ta220304s2019 yoio g 0 f ind d a978-623-02-0023-6 aYOPDYOGbinderda04223a809.8 a809.8 WAH l aCB-D.11 2019-33250 aWahyunid1978epenulis10aLarasati /cpenulis, Wahyuni aCetakan pertama, September 2019 aviii, 120 halaman ;c20 cm 4aKisah kehidupan aYOPDYOG31aSleman :bDeepublish,c2019 2rdacontentateks 2rdamediaatanpa perantara 2rdacarrieravolume aCB-D.11/2019-3325 aCB-D.11/2019-3325